| 000 | 00780nam a2200205 i 4500 | ||
|---|---|---|---|
| 001 | 155396 | ||
| 003 | ES-MaACL | ||
| 005 | 20250812091355.0 | ||
| 008 | 150908s1957 sp |||| | spa d | ||
| 100 | 1 |
_aCantera Burgos, Francisco. _934642 |
|
| 245 | 1 | 3 |
_aLa canción mozárabe / _cFrancisco Cantera. |
| 260 |
_aSantander : _bUniversidad Internacional "Menéndez Pelayo", _c1957. |
||
| 300 |
_a77 p. ; _c20 cm. |
||
| 490 | 1 |
_aPublicaciones de la Universidad Internacional Menéndez Pelayo ; _v7 |
|
| 650 | 7 |
_aPoesía mozárabe _2embne _9136731 |
|
| 710 | 2 |
_aUniversidad Internacional Menéndez Pelayo. _97384 |
|
| 830 | 0 |
_aPublicaciones de la Universidad Internacional Menéndez Pelayo ; _v7 _9188831 |
|
| 852 |
_aES-MaACL _j2331-F-13 |
||
| 999 |
_c155396 _d155396 |
||